000 00436nam a2200169Ia 4500
008 230711s9999||||xx |||||||||||||| ||und||
020 _a978-93-5097-024-9
041 _aENG
082 _a658
_bMI-M
100 _aMithani,D.M
245 0 _aManagerial economics theory and applications
250 _a6th Ed.
260 _c2013
_aMumbai
_bHimalaya Publishing House
300 _a700
650 _aUNIVESITY BUSNIESS SCHOOL
942 _cBK
999 _c5567
_d5567